Micromanagement Science: Microcomputer Applications of management Science, (Record no. 5918)

MARC details
005 - DATE AND TIME OF LATEST TRANSACTION
control field 20250628091756.0
020 ## - INTERNATIONAL STANDARD BOOK NUMBER
International Standard Book Number 0-697-00389-2
082 ## - DEWEY DECIMAL CLASSIFICATION NUMBER
Classification number 658.05 SAN
100 ## - MAIN ENTRY--PERSONAL NAME
Author name SANG LEE,
245 ## - TITLE STATEMENT
Title Micromanagement Science: Microcomputer Applications of management Science,
260 ## - PUBLICATION, DISTRIBUTION, ETC.
Place of publication, distribution, etc. New York,
Name of publisher, distributor, etc. Wm. C. Brown Publishers,
Date of publication, distribution, etc. 1986.
300 ## - PHYSICAL DESCRIPTION
Extent xviii, 426p: ill, figure, table,
Other physical details Index,
Dimensions 24cm.
700 ## - ADDED ENTRY--PERSONAL NAME
Other authors/Editors SHIM, J.
942 ## - ADDED ENTRY ELEMENTS (KOHA)
Source of classification or shelving scheme Dewey Decimal Classification
Koha item type Books
Holdings
Date last seen Total checkouts Full call number Barcode Cost, replacement price Price effective from Koha item type Lost status Source of classification or shelving scheme Damaged status Not for loan Withdrawn status Home library Current library Shelving location Date acquired Cost, normal purchase price
06/28/2025   658.05 SAN DOM0001421 75000.00 06/28/2025 Books   Dewey Decimal Classification       CBE Dodoma CBE Dodoma General Collection 07/16/2002 25000.00